| 000 | 00927cam a2200289 i 4500 | ||
|---|---|---|---|
| 001 | 22571 | ||
| 003 | BD-RjUL | ||
| 005 | 20211209000825.0 | ||
| 008 | 140308s1979 mau 001 0 eng | ||
| 020 | _a0316303518 | ||
| 035 | _a(BD-RjUL)22636 | ||
| 040 |
_aDLC _cDLC _dDLC _beng |
||
| 041 | _aeng | ||
| 082 | 0 | 0 |
_a616.9 _bGAM 1979 |
| 100 | 1 |
_aGantz, Nelson Murray, _d1941- _969672 |
|
| 245 | 1 | 0 |
_aManual of clinical problems in infectious disease : _bwith annotated key references / _cNelson Murray Gantz, Richard Alan Gleckman. |
| 250 | _a1st ed. | ||
| 260 |
_aBoston : _bLittle, Brown, _cc1979. |
||
| 300 |
_axi, 438 p. ; _c21 cm. |
||
| 490 | 0 | _aThe Little, Brown manual series | |
| 504 | _aIncludes index. | ||
| 650 | 0 |
_aCommunicable diseases _xHandbooks, manuals, etc. _969673 |
|
| 700 | 1 |
_aGleckman, Richard Alan, _d1934- _ejoint author. _969674 |
|
| 942 |
_2ddc _cBK |
||
| 999 |
_c22571 _d22571 |
||